000 00738nam a2200253Ia 4500
003 OSt
005 20221006144039.0
006 a|||||r|||| 00| 0
007 ta
008 221006b |||||||| |||| 00| 0 eng d
020 _c
_68.50
024 _a10,736
037 _cTextual
040 _aEASL
_cEASL
_beng
041 _2eng
_aeng
082 _aW6910jX8(J).N91, N2
100 _aPRYOR Frederic L
_9137540
245 0 _aRed and the green
_b The rise and fall of collectivized agriculture in marxist regimes
260 _aPrinceton
_bPrinceton University Press
_c1992
300 _a550p.
_ccm.
490 _v Oth
942 _hW6910jX8(J).N91, N2
_cTEXL
_2CC
999 _c1078822
_d1078822